[Event "CYCC U08"]
[Site "Regina CAN"]
[Date "2019.07.08"]
[Round "3.22"]
[White "Trinh, Khoi"]
[Black "Mok, Erwin"]
[Result "0-1"]
[WhiteElo "994"]
[BlackElo "805"]
[PlyCount "68"]
[EventDate "2019.07.07"]
[EventType "swiss"]
[EventRounds "7"]
[EventCountry "CAN"]

1. d4 Nf6 2. c4 g6 3. Nc3 Bg7 4. e4 d6 5. Nf3 O-O 6. Be2 Nbd7 7. Be3 c5 8. d5
a6 9. Qd2 Ng4 10. Bf4 Nge5 11. Nxe5 Nxe5 12. Be3 Qc7 13. f4 Ng4 14. Bxg4 Bxg4
15. h3 Bd7 16. O-O-O Rfb8 17. Rdf1 b5 18. cxb5 axb5 19. a3 b4 20. axb4 cxb4 21.
Kd1 bxc3 22. bxc3 Qxc3 23. Qxc3 Bxc3 24. Ke2 Bb5+ 25. Kf3 Bxf1 26. Rxf1 Ra3 27.
Kg4 h5+ 28. Kg3 h4+ 29. Kg4 Rb2 30. Bf2 Bf6 31. f5 Kg7 32. fxg6 Kxg6 33. Kf4
Bg5+ 34. Kg4 Rxf2 0-1

[Event "CYCC U08"]
[Site "Regina CAN"]
[Date "2019.07.08"]
[Round "3.23"]
[White "Qin, Weixuan"]
[Black "Le, Gabriel"]
[Result "1-0"]
[WhiteElo "942"]
[BlackElo "406"]
[PlyCount "55"]
[EventDate "2019.07.07"]
[EventType "swiss"]
[EventRounds "7"]
[EventCountry "CAN"]

1. e4 e5 2. Nf3 Nc6 3. Nc3 Nf6 4. Bb5 d6 5. d4 Bd7 6. dxe5 dxe5 7. Bxc6 Bxc6 8.
Qxd8+ Rxd8 9. Nxe5 Bxe4 10. Nxe4 Nxe4 11. O-O Bd6 12. Re1 f6 13. Nc4 f5 14. f3
b5 15. Nxd6+ cxd6 16. fxe4 fxe4 17. Rxe4+ Kd7 18. Bg5 Rc8 19. Re7+ Kc6 20. Rxg7
Kb6 21. c3 h6 22. Bf4 Kc6 23. Rd1 d5 24. Rxa7 Kc5 25. Rd7 Rcd8 26. R1xd5+ Kc6
27. R5d6+ Kc5 28. Rc7# 1-0

[Event "CYCC U08"]
[Site "Regina CAN"]
[Date "2019.07.08"]
[Round "3.24"]
[White "Demchenko, Andrii"]
[Black "Hu, Richard"]
[Result "0-1"]
[WhiteElo "735"]
[BlackElo "904"]
[PlyCount "74"]
[EventDate "2019.07.07"]
[EventType "swiss"]
[EventRounds "7"]
[EventCountry "CAN"]

1. e4 c5 2. Nc3 d6 3. g3 Nf6 4. Bg2 Nc6 5. Nge2 e6 6. O-O Be7 7. d3 O-O 8. h3
Bd7 9. d4 cxd4 10. Nxd4 e5 11. Nde2 Qc8 12. g4 a6 13. Ng3 h6 14. Na4 Qc7 15.
Be3 b5 16. Nb6 Rab8 17. Nxd7 Qxd7 18. Kh1 Rbc8 19. f4 exf4 20. Bxf4 Rfd8 21.
Nf5 Qe6 22. Qe2 Nd7 23. a3 Nce5 24. Rfd1 Bf8 25. Qd2 Nc4 26. Qd4 Nde5 27. Bxe5
dxe5 28. Qf2 Rxd1+ 29. Rxd1 Nxb2 30. Ra1 Nc4 31. Qa7 Nxa3 32. Kh2 Rxc2 33. Rd1
Qa2 34. Ne3 Re2 35. Rg1 Nc4 36. Nxc4 bxc4 37. Kh1 Rb2 0-1

[Event "CYCC U08"]
[Site "Regina CAN"]
[Date "2019.07.08"]
[Round "4.16"]
[White "Guillemette, Hugo"]
[Black "Huang, Justin"]
[Result "1-0"]
[WhiteElo "1428"]
[BlackElo "1022"]
[PlyCount "112"]
[EventDate "2019.07.07"]
[EventType "swiss"]
[EventRounds "7"]
[EventCountry "CAN"]

1. e4 c5 2. Nf3 Nc6 3. Bb5 e6 4. Bxc6 bxc6 5. d3 d5 6. c4 Ne7 7. Nc3 Bb7 8. O-O
g6 9. Bf4 Bg7 10. Qd2 O-O 11. Rac1 f5 12. e5 Qd7 13. Na4 dxc4 14. Nxc5 Qc8 15.
Nxb7 Qxb7 16. dxc4 Rfd8 17. Qc2 Rab8 18. b3 c5 19. Bg5 h6 20. Bxe7 Qxe7 21.
Rfd1 Qc7 22. Qe2 Rxd1+ 23. Rxd1 Rd8 24. Rxd8+ Qxd8 25. h3 Qa5 26. a3 Qc3 27.
Qe3 Qxe3 28. fxe3 Kf7 29. Kf2 g5 30. g4 a5 31. Kg3 Bh8 32. h4 gxh4+ 33. Kxh4
fxg4 34. Kxg4 Kg6 35. e4 Bg7 36. Nh4+ Kf7 37. Kh5 Bxe5 38. Kxh6 Ke7 39. Kg6 Bc3
40. Nf3 Kd6 41. Kg5 Be5 42. Kg4 Ba1 43. Kf4 e5+ 44. Kf5 Bc3 45. Kf6 Bb2 46. Ng5
Kd7 47. Nf7 Ba1 48. Kf5 Ke7 49. Nxe5 Bxe5 50. Kxe5 Ke8 51. Kd5 Kd7 52. Kxc5 Ke6
53. Kb5 Ke5 54. Kxa5 Kxe4 55. Kb6 Ke5 56. c5 Ke6 1-0

[Event "CYCC U08"]
[Site "Regina CAN"]
[Date "2019.07.08"]
[Round "4.17"]
[White "Jiang, William"]
[Black "Mendes, Aaron"]
[Result "1-0"]
[WhiteElo "979"]
[BlackElo "1098"]
[PlyCount "75"]
[EventDate "2019.07.07"]
[EventType "swiss"]
[EventRounds "7"]
[EventCountry "CAN"]

1. e4 d5 2. exd5 Nf6 3. Nf3 Nxd5 4. Bc4 g6 5. O-O Bg7 6. h3 O-O 7. d4 Bf5 8.
Re1 Nb4 9. Na3 c6 10. Bg5 Re8 11. Ne5 Nd5 12. c3 f6 13. Nxc6 Nxc6 14. Bf4 Kh8
15. Bg3 Nb6 16. Bb3 e5 17. d5 Na5 18. c4 Bh6 19. c5 Nxb3 20. Qxb3 Nxd5 21. Qxb7
Qd7 22. Qb3 Rab8 23. Qf3 Rxb2 24. Nc4 Rc2 25. Nd6 Rd8 26. Qxd5 Be6 27. Qf3 Rxc5
28. Nb7 Bd5 29. Qxf6+ Bg7 30. Qxd8+ Qxd8 31. Nxd8 Rc8 32. Bh4 h6 33. Rad1 Bxa2
34. Nb7 Bb3 35. Rd8+ Rxd8 36. Bxd8 a6 37. Ra1 Bc4 38. Nc5 1-0

[Event "CYCC U08"]
[Site "Regina CAN"]
[Date "2019.07.08"]
[Round "4.19"]
[White "Hu, Richard"]
[Black "Qu, Jayden"]
[Result "0-1"]
[WhiteElo "904"]
[BlackElo "1061"]
[PlyCount "116"]
[EventDate "2019.07.07"]
[EventType "swiss"]
[EventRounds "7"]
[EventCountry "CAN"]

1. e4 c5 2. Nf3 d6 3. d4 cxd4 4. Nxd4 Nf6 5. Nc3 a6 6. Be3 e5 7. Nf3 h6 8. Bd3
Be6 9. h3 Be7 10. Qd2 Nbd7 11. O-O O-O 12. Nh2 Kh7 13. f4 Rc8 14. f5 Bc4 15.
Bxc4 Rxc4 16. Qd3 Rc8 17. Nf3 Nc5 18. Bxc5 Rxc5 19. Rfe1 b5 20. a3 Qb6 21. Kh1
Nh5 22. Nd5 Qb7 23. Kh2 Rfc8 24. c3 Rd8 25. Qe2 Nf6 26. Nxf6+ Bxf6 27. Nd2 d5
28. Nb3 Rcc8 29. Nd2 d4 30. cxd4 exd4 31. Qd3 Qc7+ 32. Kg1 Qc2 33. Qxc2 Rxc2
34. Nf3 Rxb2 35. Red1 d3 36. e5 Be7 37. Rd2 Rb3 38. a4 Bb4 39. Rdd1 bxa4 40.
Rxa4 a5 41. Nd2 Rc3 42. Ra2 Rc2 43. Rda1 Rxd2 44. Rxd2 Bxd2 45. Kf2 Bc3 46. e6
fxe6 47. fxe6 Bxa1 48. e7 Re8 49. Ke3 Rxe7+ 50. Kxd3 Rc7 51. Kd2 a4 52. Kd3 a3
53. Kd2 a2 54. Kd1 Bd4 55. Kd2 a1=Q 56. Kd3 Qc3+ 57. Ke4 Qe3+ 58. Kd5 Qe5# 0-1

[Event "CYCC U08"]
[Site "Regina CAN"]
[Date "2019.07.08"]
[Round "4.20"]
[White "Sorgard, William"]
[Black "Zhong, Ryan"]
[Result "1-0"]
[WhiteElo "845"]
[BlackElo "1057"]
[PlyCount "71"]
[EventDate "2019.07.07"]
[EventType "swiss"]
[EventRounds "7"]
[EventCountry "CAN"]

1. e4 c5 2. Bc4 d6 3. Nf3 Nf6 4. Ng5 e6 5. O-O Be7 6. Nc3 O-O 7. d4 cxd4 8.
Qxd4 Nc6 9. Qd2 Bd7 10. b3 Qc7 11. Bb2 Ng4 12. Nb5 Qb8 13. Qc3 Bf6 14. Qh3 h6
15. Qxg4 Bxb2 16. Rab1 Bf6 17. Nf3 a6 18. Na3 b5 19. Bd3 Qc7 20. c4 bxc4 21.
bxc4 d5 22. exd5 exd5 23. Qh5 dxc4 24. Bxc4 Qd6 25. Rbd1 Qxa3 26. Rxd7 Ne7 27.
h3 Qa4 28. Rc7 Kh7 29. Bxf7 Qf4 30. Rd7 Rad8 31. Rxd8 Rxd8 32. Re1 Qb4 33. Re6
Qb1+ 34. Kh2 Qxa2 35. Rxf6 Qxf2 36. Ng5+ 1-0

[Event "CYCC U08"]
[Site "Regina CAN"]
[Date "2019.07.08"]
[Round "4.21"]
[White "Wang, Arthur"]
[Black "Qin, Weixuan"]
[Result "1-0"]
[WhiteElo "1022"]
[BlackElo "942"]
[PlyCount "96"]
[EventDate "2019.07.07"]
[EventType "swiss"]
[EventRounds "7"]
[EventCountry "CAN"]

1. e4 e5 2. Nf3 Nc6 3. d4 exd4 4. Nxd4 Nf6 5. Nc3 Bb4 6. Nxc6 bxc6 7. Bd3 d5 8.
exd5 cxd5 9. Bd2 O-O 10. O-O Ne4 11. Nxe4 dxe4 12. Bxb4 exd3 13. Bxf8 Kxf8 14.
Re1 Rb8 15. Qxd3 Qxd3 16. cxd3 Bf5 17. d4 Rxb2 18. g3 Be6 19. a3 Rd2 20. Red1
Re2 21. Kf1 Bg4 22. h3 Bh5 23. g4 Bxg4 24. hxg4 Re4 25. f3 Rf4 26. Kf2 Ke7 27.
Ke3 Rf6 28. Ke4 Re6+ 29. Kf4 Rf6+ 30. Kg3 Rg6 31. f4 f5 32. g5 h6 33. Re1+ Kd6
34. Rg1 Kd5 35. Rad1 Ke4 36. Rge1+ Kd5 37. Rg1 Ke4 38. d5 Rxg5+ 39. fxg5 f4+
40. Kg4 Ke5 41. gxh6 gxh6 42. Rge1+ Kf6 43. Re6+ Kg7 44. Kf5 h5 45. Rg1+ Kf7
46. Rgg6 f3 47. Rgf6+ Kg8 48. Kg6 Kh8 1-0

[Event "CYCC U08"]
[Site "Regina CAN"]
[Date "2019.07.08"]
[Round "4.22"]
[White "Mok, Erwin"]
[Black "Yang, Nathan"]
[Result "1-0"]
[WhiteElo "805"]
[BlackElo "817"]
[PlyCount "57"]
[EventDate "2019.07.07"]
[EventType "swiss"]
[EventRounds "7"]
[EventCountry "CAN"]

1. d4 d5 2. c4 c6 3. cxd5 cxd5 4. Bf4 Nf6 5. e3 Nc6 6. Nc3 Bf5 7. Qb3 Qd7 8.
Nf3 e6 9. Ne5 Nxe5 10. dxe5 Ne4 11. Bb5 Rd8 12. Bxd7+ Rxd7 13. Nxe4 Bxe4 14.
O-O Be7 15. Rac1 O-O 16. a3 f6 17. exf6 Rxf6 18. Rc8+ Kf7 19. Rfc1 Rg6 20. g3
Bf6 21. R8c7 Re7 22. Rxe7+ Bxe7 23. Rc7 Kf6 24. Qxb7 e5 25. Bxe5+ Kxe5 26.
Rxe7+ Kf5 27. Rf7+ Kg5 28. Qe7+ Kg4 29. Qh4# 1-0

[Event "CYCC U08"]
[Site "Regina CAN"]
[Date "2019.07.08"]
[Round "4.23"]
[White "Trinh, Khoi"]
[Black "Gao, Justin"]
[Result "1-0"]
[WhiteElo "994"]
[BlackElo "1110"]
[PlyCount "61"]
[EventDate "2019.07.07"]
[EventType "swiss"]
[EventRounds "7"]
[EventCountry "CAN"]

1. d4 d5 2. c4 e6 3. Nc3 Nf6 4. Nf3 c5 5. Bg5 Be7 6. e3 h6 7. Bh4 Nbd7 8. cxd5
Nxd5 9. Bxe7 Qxe7 10. Nxd5 exd5 11. Bd3 c4 12. Bc2 Qb4+ 13. Qd2 Qxb2 14. O-O
Qa3 15. Rfe1 O-O 16. Rab1 Kh8 17. e4 dxe4 18. Bxe4 Nb6 19. Re3 Qd6 20. Rbe1 Nd5
21. Bxd5 Qxd5 22. Qb4 Kg8 23. Qxf8+ Kh7 24. Re8 Bg4 25. Qg8+ Kg6 26. Ne5+ Kh5
27. Qxg7 Qxd4 28. Qxf7+ Kg5 29. Qg6+ Kh4 30. g3+ Kh3 31. Qxh6+ 1-0

[Event "CYCC U08"]
[Site "Regina CAN"]
[Date "2019.07.08"]
[Round "4.24"]
[White "Le, Gabriel"]
[Black "Guo, Channing"]
[Result "0-1"]
[WhiteElo "406"]
[BlackElo "1199"]
[PlyCount "74"]
[EventDate "2019.07.07"]
[EventType "swiss"]
[EventRounds "7"]
[EventCountry "CAN"]

1. e4 e5 2. Nf3 Nc6 3. Nc3 Nf6 4. Bb5 a6 5. Bxc6 dxc6 6. d4 exd4 7. Qxd4 Qxd4
8. Nxd4 Bc5 9. Be3 O-O 10. e5 Ng4 11. f4 Nxe3 12. Nce2 Nxg2+ 13. Kf2 Nxf4 14.
Nxf4 Bxd4+ 15. Kf1 Bxb2 16. Re1 Re8 17. Nd3 Bh3+ 18. Kf2 Bd4+ 19. Kf3 Be6 20.
Ke4 Bc3 21. Rb1 Bxa2 22. Rxb7 Bd5+ 23. Kf4 Bxh1 24. Rxc7 a5 25. Rb7 c5 26. Rb3
a4 27. Rb1 a3 28. Nc1 Bxe5+ 29. Ke3 Bxh2+ 30. Kd3 Bf4 31. Kc3 a2 32. Nxa2 Rxa2
33. Rxh1 Re3+ 34. Kc4 Rxc2+ 35. Kb5 Rb3+ 36. Ka4 c4 37. Ra1 Be5 0-1

[Event "CYCC U08"]
[Site "Regina CAN"]
[Date "2019.07.08"]
[Round "4.25"]
[White "Wang, Alan"]
[Black "Demchenko, Andrii"]
[Result "0-1"]
[WhiteElo "877"]
[BlackElo "735"]
[PlyCount "82"]
[EventDate "2019.07.07"]
[EventType "swiss"]
[EventRounds "7"]
[EventCountry "CAN"]

1. Nf3 Nc6 2. d4 d6 3. e4 Nf6 4. Bb5 Nxe4 5. d5 a6 6. Ba4 b5 7. O-O Na7 8. Re1
Nf6 9. Bb3 g6 10. Bg5 Bg7 11. c3 Bg4 12. Qd4 O-O 13. Bxf6 exf6 14. Qxg4 f5 15.
Qg3 Re8 16. Nbd2 Qd7 17. Bc2 Rxe1+ 18. Rxe1 Re8 19. Rxe8+ Qxe8 20. h3 Bh6 21.
Nb3 Qe2 22. Nbd4 Qc4 23. Bb3 Qd3 24. Bc2 Qc4 25. Nxf5 Bc1 26. Qg5 Bxg5 27. N5d4
Qxd5 28. Bb3 Qe4 29. Nxg5 Qe1+ 30. Kh2 Qe5+ 31. g3 Qxg5 32. f4 Qh5 33. g4 Qh4
34. Kg2 c5 35. Nf3 Qf6 36. Kg3 Nc6 37. Bd5 Ne7 38. g5 Qf5 39. Bb3 Nd5 40. Bxd5
Qxd5 41. Kf2 Qxa2 0-1

[Event "CYCC U08"]
[Site "Regina CAN"]
[Date "2019.07.09"]
[Round "5.16"]
[White "Jiang, William"]
[Black "Guillemette, Hugo"]
[Result "0-1"]
[WhiteElo "1428"]
[BlackElo "979"]
[PlyCount "26"]
[EventDate "2019.07.07"]
[EventType "swiss"]
[EventRounds "7"]
[EventCountry "CAN"]

1. e4 e5 2. Nf3 Nc6 3. Bc4 Nf6 4. d4 exd4 5. e5 d5 6. Bb5 Ne4 7. Nxd4 Bc5 8.
Nxc6 Bxf2+ 9. Kf1 Qh4 10. Qf3 O-O 11. Nb4 Bg4 12. g3 Qh5 13. Qb3 Bh3# 0-1

[Event "CYCC U08"]
[Site "Regina CAN"]
[Date "2019.07.09"]
[Round "5.17"]
[White "Mendes, Aaron"]
[Black "Ajith, Aarush"]
[Result "1-0"]
[WhiteElo "1098"]
[BlackElo "1078"]
[PlyCount "123"]
[EventDate "2019.07.07"]
[EventType "swiss"]
[EventRounds "7"]
[EventCountry "CAN"]

1. d4 Nf6 2. Nf3 d5 3. Bf4 Bf5 4. e3 e6 5. Bd3 Ne4 6. c3 Nd7 7. h3 Be7 8. Qc2
O-O 9. Nbd2 Nxd2 10. Qxd2 Bxd3 11. Qxd3 c5 12. h4 c4 13. Qc2 Nf6 14. Ne5 Ne4
15. h5 f6 16. Ng4 b5 17. f3 Ng5 18. Bxg5 fxg5 19. Ne5 Rc8 20. h6 g4 21. Nxg4 b4
22. hxg7 Bh4+ 23. Ke2 Rf5 24. Nh6+ Kxg7 25. Nxf5+ exf5 26. Qxf5 Qg5 27. Qxg5+
Bxg5 28. cxb4 Rb8 29. f4 Bf6 30. a3 Re8 31. Kf3 Rb8 32. Rh5 Kg6 33. Rxd5 h5 34.
Rc5 a5 35. Rxa5 h4 36. Rc5 h3 37. gxh3 c3 38. bxc3 Rh8 39. Rg1+ Kf7 40. Kg4
Rg8+ 41. Rg5 Bxg5 42. fxg5 Ra8 43. Ra1 Rc8 44. Rf1+ Kg7 45. Rf3 Rxc3 46. e4 Rc4
47. Rd3 Rc6 48. d5 Rc4 49. Kf5 Kf8 50. d6 Ke8 51. d7+ Kd8 52. e5 Rh4 53. e6 Rh7
54. g6 Rh5+ 55. Kf6 Rh8 56. e7+ Kc7 57. d8=Q+ Rxd8 58. exd8=Q+ Kc6 59. Rd6+ Kb5
60. g7 Ka4 61. g8=Q Kb5 62. Qa5# 1-0

[Event "CYCC U08"]
[Site "Regina CAN"]
[Date "2019.07.09"]
[Round "5.18"]
[White "Qu, Jayden"]
[Black "Wang, Arthur"]
[Result "1-0"]
[WhiteElo "1061"]
[BlackElo "1022"]
[PlyCount "129"]
[EventDate "2019.07.07"]
[EventType "swiss"]
[EventRounds "7"]
[EventCountry "CAN"]

1. e4 c5 2. Nf3 d6 3. d4 cxd4 4. Nxd4 Nf6 5. Nc3 Nc6 6. Be3 e6 7. f3 Be7 8. Qd2
Nxd4 9. Bxd4 a6 10. O-O-O Bd7 11. h4 b5 12. a3 Rb8 13. Na2 a5 14. g4 e5 15. Be3
Ra8 16. b3 Rb8 17. Kb2 Be6 18. h5 h6 19. Bd3 d5 20. exd5 Bxd5 21. Qe2 b4 22.
Bb5+ Kf8 23. a4 Qc7 24. Rhf1 Bc6 25. Bc4 Rd8 26. Qf2 Rxd1 27. Rxd1 g6 28. hxg6
fxg6 29. Bb6 Qb7 30. Be2 Qa8 31. Bc5 Nd5 32. Bxe7+ Kxe7 33. Qc5+ Kf6 34. Qd6+
Kf7 35. Bc4 Rd8 36. Qxe5 Kf8 37. Bxd5 Rxd5 38. Qf6+ Ke8 39. Qxg6+ Kd8 40. Qg8+
Kc7 41. Qg7+ Kb6 42. Rxd5 Bxd5 43. Qxh6+ Kc5 44. Qe3+ Kc6 45. f4 Qh8+ 46. Qe5
Qxe5+ 47. fxe5 Kd7 48. c4 Bg8 49. Nc1 Ke6 50. Nd3 Bh7 51. Kc2 Bxd3+ 52. Kxd3
Kxe5 53. g5 Kf5 54. Kd4 Kxg5 55. Kd5 Kf6 56. Kd6 Kf7 57. Kd7 Kg7 58. c5 Kh7 59.
c6 Kg7 60. c7 Kh7 61. c8=Q Kg7 62. Ke7 Kg6 63. Qg4+ Kh7 64. Kf7 Kh8 65. Qh5#
1-0

[Event "CYCC U08"]
[Site "Regina CAN"]
[Date "2019.07.09"]
[Round "5.19"]
[White "Huang, Justin"]
[Black "Mok, Erwin"]
[Result "0-1"]
[WhiteElo "1022"]
[BlackElo "804"]
[PlyCount "136"]
[EventDate "2019.07.07"]
[EventType "swiss"]
[EventRounds "7"]
[EventCountry "CAN"]

1. Nf3 d5 2. b3 Nf6 3. Bb2 e6 4. d4 Be7 5. e3 O-O 6. Be2 c5 7. c4 b6 8. O-O Bb7
9. Nc3 Nc6 10. Qd2 Qd7 11. Rac1 Rac8 12. Rfd1 Rfd8 13. dxc5 bxc5 14. cxd5 exd5
15. Nb5 a6 16. Bxf6 Bxf6 17. Nc3 Ne7 18. Na4 Qd6 19. e4 d4 20. Bd3 Re8 21. Re1
Ng6 22. Qc2 Ne5 23. Nxe5 Bxe5 24. Nxc5 Bxh2+ 25. Kf1 Ba8 26. g3 Bxg3 27. fxg3
Qxg3 28. Qf2 Qh3+ 29. Qg2 Qh4 30. Ke2 f5 31. Kd1 Qh5+ 32. Qe2 Qg5 33. Bxa6 Rc7
34. Bc4+ Kh8 35. b4 fxe4 36. Bd3 Ree7 37. Qf2 Rc8 38. Rf1 h6 39. Qd2 Qxd2+ 40.
Kxd2 exd3 41. Nxd3 Rce8 42. Rce1 Rxe1 43. Nxe1 Bd5 44. a3 Bc6 45. Nc2 d3 46.
Kxd3 Bb5+ 47. Kd4 Bxf1 48. a4 h5 49. b5 Rb8 50. Kc5 Bxb5 51. axb5 g5 52. b6 g4
53. Ne3 Kg7 54. Kc6 Kf6 55. b7 Kg5 56. Nd5 h4 57. Kc7 Rxb7+ 58. Kxb7 h3 59. Ne3
h2 60. Nxg4 Kxg4 61. Kb6 h1=Q 62. Kb5 Qc1 63. Kb4 Kf5 64. Kb3 Ke4 65. Kb4 Kd4
66. Kb5 Qc5+ 67. Ka4 Qb6 68. Ka3 Kc3 0-1

[Event "CYCC U08"]
[Site "Regina CAN"]
[Date "2019.07.09"]
[Round "5.20"]
[White "Qin, Weixuan"]
[Black "Sorgard, William"]
[Result "1-0"]
[WhiteElo "942"]
[BlackElo "845"]
[PlyCount "29"]
[EventDate "2019.07.07"]
[EventType "swiss"]
[EventRounds "7"]
[EventCountry "CAN"]

1. e4 e5 2. Nf3 Nc6 3. Nc3 Nf6 4. Bb5 Bc5 5. Nxe5 Nxe5 6. d4 a6 7. dxe5 axb5 8.
exf6 Qxf6 9. O-O b4 10. Nd5 Qe5 11. Bf4 Qxe4 12. Re1 Qxe1+ 13. Qxe1+ Kf8 14.
Nxc7 Ra5 15. Qe8# 1-0

[Event "CYCC U08"]
[Site "Regina CAN"]
[Date "2019.07.09"]
[Round "5.21"]
[White "Guo, Channing"]
[Black "Chen, Zhengyu"]
[Result "0-1"]
[WhiteElo "1199"]
[BlackElo "799"]
[PlyCount "96"]
[EventDate "2019.07.07"]
[EventType "swiss"]
[EventRounds "7"]
[EventCountry "CAN"]

1. e4 e5 2. Nf3 d6 3. Nc3 Nf6 4. Bc4 Be7 5. Ng5 O-O 6. O-O h6 7. Nf3 Nc6 8. Be2
Bg4 9. h3 Bh5 10. d3 Qd7 11. Nxe5 Bxe2 12. Nxd7 Bxd1 13. Nxf8 Bxc2 14. Nb5 Rc8
15. Bd2 Bxd3 16. Bc3 Bxf1 17. Bxf6 Bxb5 18. a4 Kxf8 19. Bxe7+ Nxe7 20. axb5 Ra8
21. Re1 c6 22. bxc6 Nxc6 23. Rd1 Ke7 24. Kf1 Rc8 25. Rc1 Kd7 26. Ke2 Nd4+ 27.
Kd1 Rxc1+ 28. Kxc1 Ke6 29. Kd2 Ke5 30. Kd3 g5 31. f3 f6 32. Kc4 a5 33. b4 b5+
34. Kc3 a4 35. Kb2 Kf4 36. Ka3 Kg3 37. h4 Kxh4 38. g3+ Kxg3 39. f4 h5 40. fxg5
fxg5 41. e5 dxe5 42. Ka2 h4 43. Ka3 h3 44. Ka2 h2 45. Ka3 h1=Q 46. Ka2 Qd1 47.
Kb2 Qc2+ 48. Ka1 Nb3# 0-1

[Event "CYCC U08"]
[Site "Regina CAN"]
[Date "2019.07.09"]
[Round "5.22"]
[White "Lu, Aiden"]
[Black "Zhong, Ryan"]
[Result "1/2-1/2"]
[WhiteElo "657"]
[BlackElo "1057"]
[PlyCount "69"]
[EventDate "2019.07.07"]
[EventType "swiss"]
[EventRounds "7"]
[EventCountry "CAN"]

1. e4 c5 2. Nf3 d6 3. d4 cxd4 4. Nxd4 Nf6 5. Nc3 a6 6. Be3 e6 7. Be2 Be7 8. O-O
O-O 9. h3 Nc6 10. Nf3 b5 11. Bg5 Bb7 12. Nb1 Nxe4 13. Bxe7 Qxe7 14. Qd3 Nf6 15.
Nbd2 Rac8 16. c3 Rfd8 17. Bd1 Ba8 18. Bc2 Qb7 19. Ne4 Nxe4 20. Qxe4 h6 21. Qh7+
Kf8 22. Qh8+ Ke7 23. Qxg7 Rg8 24. Qxh6 Ne5 25. Qh4+ Kd7 26. Nxe5+ dxe5 27.
Rad1+ Ke8 28. f3 b4 29. Ba4+ Kf8 30. Rd8+ Rxd8 31. Qxd8+ Kg7 32. Qg5+ Kf8 33.
Qd8+ Kg7 34. Qg5+ Kf8 35. Qd8+ 1/2-1/2

[Event "CYCC U08"]
[Site "Regina CAN"]
[Date "2019.07.09"]
[Round "5.23"]
[White "Demchenko, Andrii"]
[Black "Trinh, Khoi"]
[Result "0-1"]
[WhiteElo "735"]
[BlackElo "994"]
[PlyCount "28"]
[EventDate "2019.07.07"]
[EventType "swiss"]
[EventRounds "7"]
[EventCountry "CAN"]

1. e4 Nc6 2. d4 e5 3. d5 Nce7 4. Nf3 d6 5. Bg5 f6 6. Be3 Ng6 7. Be2 N8e7 8. O-O
f5 9. Nfd2 f4 10. Nc4 fxe3 11. fxe3 Bd7 12. Bd3 Ng8 13. Qf3 Nf6 14. g4 Bxg4 0-1

[Event "CYCC U08"]
[Site "Regina CAN"]
[Date "2019.07.09"]
[Round "5.25"]
[White "Gao, Justin"]
[Black "Wang, Alan"]
[Result "1-0"]
[WhiteElo "1110"]
[BlackElo "877"]
[PlyCount "111"]
[EventDate "2019.07.07"]
[EventType "swiss"]
[EventRounds "7"]
[EventCountry "CAN"]

1. e4 e6 2. d4 d5 3. exd5 exd5 4. Nf3 Bf5 5. Be2 Bd6 6. O-O Ne7 7. Re1 Nbc6 8.
Bb5 Qd7 9. Bg5 f6 10. Bd2 a6 11. Bxc6 Qxc6 12. Nc3 O-O 13. Nh4 Bg6 14. Nxg6
Nxg6 15. Re3 Rfe8 16. Rh3 Kf7 17. Rxh7 Rh8 18. Rxh8 Rxh8 19. h3 Nh4 20. Qe2 Nf5
21. Qg4 g6 22. Qf3 Ne7 23. Bg5 f5 24. Bxe7 Kxe7 25. Qxd5 Qxd5 26. Nxd5+ Ke6 27.
c4 Rh4 28. Re1+ Kf7 29. Rd1 Re4 30. c5 Bf4 31. Nxf4 Rxf4 32. f3 c6 33. Kf2 Rh4
34. d5 cxd5 35. Rxd5 Ke7 36. Rd6 Rb4 37. Rb6 Rxb6 38. cxb6 Kf6 39. f4 Ke6 40.
g4 Kf6 41. g5+ Kf7 42. h4 Kg7 43. Ke3 Kf7 44. Kd4 Ke7 45. Ke5 Kd7 46. a3 a5 47.
Kf6 Kc6 48. h5 gxh5 49. g6 h4 50. g7 h3 51. g8=Q h2 52. Qg2+ Kxb6 53. Qxh2 Kc5
54. Qd2 b5 55. Ke5 Kc4 56. Qc3# 1-0

[Event "CYCC U08"]
[Site "Regina CAN"]
[Date "2019.07.09"]
[Round "5.26"]
[White "Yang, Nathan"]
[Black "Le, Gabriel"]
[Result "1-0"]
[WhiteElo "817"]
[BlackElo "406"]
[PlyCount "69"]
[EventDate "2019.07.07"]
[EventType "swiss"]
[EventRounds "7"]
[EventCountry "CAN"]

1. e4 e5 2. Nf3 Nc6 3. Bc4 Nf6 4. d3 Bc5 5. Nc3 d6 6. Bg5 h6 7. Bh4 g5 8. Nxg5
hxg5 9. Bxg5 Bg4 10. Bxf6 Bxd1 11. Bxd8 Nxd8 12. Nxd1 Ne6 13. Ne3 Nd4 14. c3
Ne6 15. b4 Bxe3 16. fxe3 O-O-O 17. O-O-O Rdg8 18. g3 Rf8 19. Rdf1 Kb8 20. Bxe6
fxe6 21. a4 Rxf1+ 22. Rxf1 a6 23. Rf2 c5 24. b5 axb5 25. axb5 Ka7 26. c4 d5 27.
exd5 exd5 28. cxd5 Kb6 29. Kb2 Kxb5 30. Kb3 b6 31. Kc3 Ka5 32. Ra2+ Kb5 33.
Rb2+ Ka5 34. Kc4 Rb8 35. Ra2# 1-0

[Event "CYCC U08"]
[Site "Regina CAN"]
[Date "2019.07.09"]
[Round "5.29"]
[White "Boucher, Roch"]
[Black "Wang, Lucas"]
[Result "0-1"]
[WhiteElo "768"]
[BlackElo "672"]
[PlyCount "26"]
[EventDate "2019.07.07"]
[EventType "swiss"]
[EventRounds "7"]
[EventCountry "CAN"]

1. e4 e5 2. Nf3 Nc6 3. Bb5 Bc5 4. O-O Nf6 5. Bxc6 bxc6 6. Nxe5 Ba6 7. c4 O-O 8.
Re1 d6 9. Nxc6 Qe8 10. e5 dxe5 11. Rxe5 Qxc6 12. Nc3 Bb7 13. d3 Qxg2# 0-1

[Event "CYCC U08"]
[Site "Regina CAN"]
[Date "2019.07.09"]
[Round "6.16"]
[White "Guillemette, Hugo"]
[Black "Mendes, Aaron"]
[Result "1-0"]
[WhiteElo "1428"]
[BlackElo "1098"]
[PlyCount "123"]
[EventDate "2019.07.07"]
[EventType "swiss"]
[EventRounds "7"]
[EventCountry "CAN"]

1. e4 d5 2. exd5 Nf6 3. Bb5+ Bd7 4. Bc4 Bg4 5. f3 Bf5 6. Nc3 c6 7. dxc6 Nxc6 8.
d3 Qb6 9. Nge2 e6 10. Bg5 Nd7 11. Qd2 h6 12. Be3 Qc7 13. O-O-O Bd6 14. Nb5 Qb8
15. Nxd6+ Qxd6 16. g4 Bg6 17. h4 Nde5 18. Rdf1 Nxc4 19. dxc4 Qxd2+ 20. Bxd2 Rc8
21. Bc3 O-O 22. Ng3 Rfe8 23. f4 f5 24. g5 e5 25. fxe5 Nxe5 26. Nxf5 Bxf5 27.
Rxf5 Nxc4 28. gxh6 g6 29. Rg1 Rc6 30. h5 Ree6 31. Rfg5 Kh7 32. hxg6+ Rxg6 33.
Rxg6 Rxg6 34. Rxg6 Kxg6 35. b3 Nd6 36. Kd2 Kxh6 37. Kd3 Kg5 38. Bb4 Nc8 39. Kc4
Kf5 40. Kd5 Kf6 41. c4 Kf7 42. c5 Ke8 43. c6 b6 44. Bd6 a5 45. Ke6 Kd8 46. c7+
Ke8 47. Be5 Na7 48. a4 Nc8 49. Bf4 Na7 50. Kd6 b5 51. axb5 Nxb5+ 52. Kc6 Nd4+
53. Kb7 Nxb3 54. c8=Q+ Ke7 55. Bg5+ Kd6 56. Qc6+ Ke5 57. Qb5+ Kd4 58. Qxb3 Ke4
59. Qc4+ Ke5 60. Qf4+ Ke6 61. Kc6 a4 62. Qf6# 1-0

[Event "CYCC U08"]
[Site "Regina CAN"]
[Date "2019.07.09"]
[Round "6.17"]
[White "Mok, Erwin"]
[Black "Qu, Jayden"]
[Result "1/2-1/2"]
[WhiteElo "805"]
[BlackElo "1061"]
[PlyCount "74"]
[EventDate "2019.07.07"]
[EventType "swiss"]
[EventRounds "7"]
[EventCountry "CAN"]

1. d4 d5 2. c4 c6 3. cxd5 cxd5 4. Bf4 Nf6 5. Nc3 a6 6. e3 Nc6 7. Nf3 Bf5 8. Qb3
Qd7 9. Ne5 Nxe5 10. Bxe5 e6 11. Be2 Be7 12. O-O O-O 13. Rac1 b5 14. a3 Rac8 15.
Qa2 Rc6 16. b4 Rfc8 17. Qb2 Qd8 18. Nb1 Rc2 19. Rxc2 Rxc2 20. Qb3 Rxe2 21. Rc1
h6 22. Kf1 Bxb1 23. Qxb1 Rd2 24. Bxf6 Bxf6 25. Ke1 Rxd4 26. exd4 Bxd4 27. Rc6
g6 28. Qc2 Kg7 29. Rxa6 Qb8 30. g3 Qe5+ 31. Kf1 Qh5 32. h4 Qf3 33. Qd2 Bc3 34.
Qc2 Qh1+ 35. Ke2 Qe1+ 36. Kf3 Qh1+ 37. Ke2 Qe1+ 1/2-1/2

[Event "CYCC U08"]
[Site "Regina CAN"]
[Date "2019.07.09"]
[Round "6.18"]
[White "Ajith, Aarush"]
[Black "Jiang, William"]
[Result "0-1"]
[WhiteElo "1078"]
[BlackElo "979"]
[PlyCount "56"]
[EventDate "2019.07.07"]
[EventType "swiss"]
[EventRounds "7"]
[EventCountry "CAN"]

1. e4 c5 2. Nf3 Nc6 3. d4 cxd4 4. Nxd4 Nf6 5. Nc3 e5 6. Ndb5 d6 7. Nd5 Nxd5 8.
exd5 Ne7 9. Bc4 a6 10. Nc3 Bf5 11. O-O h6 12. Be3 g5 13. Bb3 Ng6 14. Re1 h5 15.
Qf3 Bg4 16. Qe4 Bd7 17. Qd3 g4 18. Ne4 Bh6 19. Bxh6 Rxh6 20. Nxd6+ Kf8 21. Qd2
Rh8 22. Qb4 Kg7 23. Ne4 h4 24. d6 g3 25. Rad1 gxf2+ 26. Nxf2 Qg5 27. Qxb7 h3
28. Qxd7 Qxg2# 0-1